3 indices : Un président de la République - Statistiques

Statistiques générales
  • Ce quiz a été pris 94 fois
  • Le résultat moyen est 15 sur 25
Statistiques - réponses
Indice 1 Indice 2 Indice 3 Prénom et Nom % Correct
Né à Amiens Enarque Plus jeune président Emmanuel Macron
97%
Né à Rouen Magistrat Enarque François Hollande
94%
Né à Paris Avocat A tenté d'être réélu Nicolas Sarkozy
94%
Né à Lille Officier Démissionnaire Charles de Gaulle
93%
Né à Paris Enarque 2 mandats complets Jacques Chirac
92%
Né en Allemagne Polytechnicien Nom à particule Valéry Giscard d'Estaing
90%
Né à Jarnac Avocat 2 mandats complets François Mitterrand
88%
Né à Paris Enseignant Mort en fonction Georges Pompidou
85%
Né à Paris Prénom composé Héritier Louis-Napoléon Bonaparte
62%
Né au Havre Avocat Se retire avec la IVe René Coty
58%
Né à Paris D'origine modeste Mort à l'Elysée Félix Faure
53%
Né à Marseille Journaliste Petit Adolphe Thiers
52%
Né à Limoges Parents illustres Polytechnicien Marie François Sadi Carnot
51%
Né à Aurillac Enseignant Assassiné Paul Doumer
47%
Né à Sully Sébastopol Maréchal de France Patrice de Mac Mahon
45%
Né à Aigues-Vives Avocat Refuse de se représenter Gaston Doumergue
44%
Né à Bar-le-Duc Avocat Cousin d'un célèbre mathématicien Raymond Poincaré
44%
Né à Revel Avocat Borgne Vincent Auriol
44%
Né en Belgique Journaliste Tombé du train Paul Deschanel
43%
Né à Paris Avocat Démissionnaire Alexandre Millerand
40%
Né à Mont-sous-Vaudrey Avocat Wilson Jules Grévy
40%
Né à Mercy-le-Haut Ingénieur des Mines 1 mandat et 1 mandat partiel Albert Lebrun
38%
Né à Paris Descendant de ministres Mandat le plus court Jean Casimir-Périer
34%
Né à Mézin Avocat Fils de géomètre Armand Fallières
27%
Né à Marsanne Avocat Fils de cultivateur Emile Loubet
27%
Aucun quiz correspondant
Distribution des résultats
% des personnes avec chaque résultat
Percentile par nombre de réponses
Votre historique - résultats
Vous n’avez pas pris ce quiz